|
|
|
|
| LEADER |
00627nam a2200181Ia 4500 |
| 008 |
150624b xxu||||| |||| 00| 0 eng d |
| 020 |
|
|
|a 8172333978
|
| 020 |
|
|
|a 8172333978
|
| 082 |
|
|
|a 582
|
| 100 |
|
|
|a Guha, Ratna
|
| 245 |
|
|
|a Wetland phytodiversity:
|b a complete guide to Indian helobieae /
|c Ratna Guha
|
| 260 |
|
|
|a Jodhpur:
|b Scientific Publishers,
|c 2005.
|
| 300 |
|
|
|a 274 p.
|
| 505 |
|
|
|a 1.Taxonomy and morphology 2. Pollen morphology
|
| 700 |
|
|
|a Mondal, M.S.
|
| 942 |
|
|
|c BK
|
| 999 |
|
|
|c 57746
|d 57746
|
| 952 |
|
|
|0 0
|1 0
|4 0
|6 582_000000000000000_GUH_W
|7 0
|9 57724
|a UL
|b UL
|c ST1
|d 2012-10-27
|l 0
|o 582 GUH/W
|p 83182
|r 2012-10-27
|w 2012-10-27
|y BK
|